5HLuxD.jpg

KING HENRY VIII SENIOR AND PRIMARY SCHOOL LIBRARY OPAC

Cambridge English IELTS. (Record no. 2796)

000 -LEADER
fixed length control field 02423cam a2200481 i 4500
001 - CONTROL NUMBER
control field vtls002163527
003 - CONTROL NUMBER IDENTIFIER
control field VRT
005 - DATE AND TIME OF LATEST TRANSACTION
control field 20230822085816.0
008 - FIXED-LENGTH DATA ELEMENTS--GENERAL INFORMATION
fixed length control field 180502t20172017enka 000 0 eng
020 ## - INTERNATIONAL STANDARD BOOK NUMBER
International Standard Book Number 9781316637821
Qualifying information paperback
020 ## - INTERNATIONAL STANDARD BOOK NUMBER
International Standard Book Number 1316637824
035 ## - SYSTEM CONTROL NUMBER
System control number (OCoLC)ocn999606124
040 ## - CATALOGING SOURCE
Original cataloging agency AU@
Language of cataloging eng
Description conventions rda
Transcribing agency AU@
Modifying agency OCLCO
-- UV1
-- OCLCF
-- KH8
042 ## - AUTHENTICATION CODE
Authentication code nbic
082 ## - DEWEY DECIMAL CLASSIFICATION NUMBER
Classification number 400 CAM
130 ## - MAIN ENTRY--UNIFORM TITLE
Uniform title Cambridge IELTS 12
245 00 - TITLE STATEMENT
Title Cambridge English IELTS.
Number of part/section of a work 12 :
Remainder of title academic with answers : authentic examination papers /
Statement of responsibility, etc. Cambridge University.
246 30 - VARYING FORM OF TITLE
Title proper/short title IELTS 12.
246 3# - VARYING FORM OF TITLE
Title proper/short title International English Language Testing System 12.
246 3# - VARYING FORM OF TITLE
Title proper/short title Cambridge English IELTS 12.
Name of part/section of a work Academic.
246 38 - VARYING FORM OF TITLE
Title proper/short title IELTS Academic with answers.
246 3# - VARYING FORM OF TITLE
Title proper/short title International English Language Testing System.
Number of part/section of a work 12.
246 3# - VARYING FORM OF TITLE
Title proper/short title IELTS.
Number of part/section of a work Twelve,
Name of part/section of a work Academic.
264 #1 - PRODUCTION, PUBLICATION, DISTRIBUTION, MANUFACTURE, AND COPYRIGHT NOTICE
Place of production, publication, distribution, manufacture Cambridge :
Name of producer, publisher, distributor, manufacturer Cambridge University Press :
-- Cambridge English Language Assessment, part of the University of Cambridge,
Date of production, publication, distribution, manufacture, or copyright notice 2017.
264 #4 - PRODUCTION, PUBLICATION, DISTRIBUTION, MANUFACTURE, AND COPYRIGHT NOTICE
Date of production, publication, distribution, manufacture, or copyright notice ©2017.
300 ## - PHYSICAL DESCRIPTION
Extent 136 pages :
Other physical details illustrations ;
Dimensions 25 cm.
336 ## - CONTENT TYPE
Content type term text
Content type code txt
Source rdacontent.
336 ## - CONTENT TYPE
Content type term still image
Content type code sti
Source rdacontent.
337 ## - MEDIA TYPE
Media type term unmediated
Media type code n
Source rdamedia.
338 ## - CARRIER TYPE
Carrier type term volume
Carrier type code nc
Source rdacarrier.
490 1# - SERIES STATEMENT
Series statement Cambridge English.
500 ## - GENERAL NOTE
General note "Cambridge official preparation material" --front cover.
504 ## - BIBLIOGRAPHY, ETC. NOTE
Bibliography, etc. note Includes bibliographical references.
505 0# - FORMATTED CONTENTS NOTE
Formatted contents note Text -- Cambridge IELTS 12 academic and general training authentic examination papers. Audio CD 1. Test 5, Sections 1 -- 4, Test 6, Sections 1 -- 4 (63 min., 4 sec.). -- Cambridge IELTS 12 academic and general training authentic examination papers. Audio CD 2. Test 7, Sections 1 -- 4, Test 8, Sections 1 -- 4 (62 min., 40 sec.)
520 ## - SUMMARY, ETC.
Summary, etc. This 12th collection of examination papers for IELTS provides all the exam practice you need. It contains: four complete tests for Academic candidates, a useful introduction to the exam together with an explanation of the scoring system, answer keys and recording scrips, and photocopiable answer sheets. -- back cover.
650 #0 - SUBJECT ADDED ENTRY--TOPICAL TERM
Topical term or geographic name entry element English language
General subdivision Study and teaching.
650 #0 - SUBJECT ADDED ENTRY--TOPICAL TERM
Topical term or geographic name entry element International English Language Testing System.
650 #0 - SUBJECT ADDED ENTRY--TOPICAL TERM
Topical term or geographic name entry element English language
General subdivision Examinations.
710 2# - ADDED ENTRY--CORPORATE NAME
Corporate name or jurisdiction name as entry element Cambridge Univeristy Press,
Relator term publisher.
710 2# - ADDED ENTRY--CORPORATE NAME
Corporate name or jurisdiction name as entry element Cambridge English Language Assessment,
Relator term publisher.
830 #0 - SERIES ADDED ENTRY--UNIFORM TITLE
Uniform title Cambridge English.
942 ## - ADDED ENTRY ELEMENTS (KOHA)
Source of classification or shelving scheme
Koha item type Teaching Resources
Holdings
Withdrawn status Lost status Source of classification or shelving scheme Damaged status Not for loan Collection code Permanent Location Current Location Shelving location Date acquired Total Checkouts Full call number Barcode Date due Date last seen Date last checked out Price effective from Koha item type
          Teaching Resources KH8 Senior School Library KH8 Senior School Library Staff Office 2023-08-22 1 400 CAM TRKHSL002216 2025-07-04 2024-11-07 2024-11-07 2023-08-22 Teaching Resources

Powered By KH8 IT Dept